| 000 | 00562nam a2200193Ia 4500 | ||
|---|---|---|---|
| 003 | GCL | ||
| 008 | 140319s9999 xx 000 0 ara d | ||
| 040 |
_aGCL / _cGCL |
||
| 082 | 0 | 4 |
_a780.92 _bز ا |
| 100 | 1 | _aزيد الشريف | |
| 245 | 1 | 0 |
_aاعلام الموسيقى الغربية / _cزيد الشريف |
| 300 | _a519 ص | ||
| 490 |
_aاعلام الموسيقا _v0 |
||
| 650 | 0 | 4 | _aالتراجم |
| 650 | 0 | 4 | _aالفنون |
| 650 | 0 | 4 | _aالموسيقى الغربية |
| 650 | 0 | 4 | _aاعلام الموسيقى الغربية |
| 942 |
_2ddc _cBK |
||
| 999 |
_c48486 _d48486 |
||